LEADER 01419nam0 2200361 i 450 001 RAV0200617 005 20231121125637.0 010 $a8884020980 100 $a19921003d1992 ||||0itac50 ba 101 | $aita 102 $ait 181 1$6z01$ai $bxxxe 182 1$6z01$an 200 1 $aRime e prose d'amore$fAurelio De' Giorgi Bertola$ga cura di Luigi Tassoni 210 $aRoma$cSalerno$dstampa 1992 215 $a129 p.$d17 cm. 225 | $aMinima$v28 410 0$1001BVE0020382$12001 $aMinima$v28 700 1$aBertola de' Giorgi$b, Aurelio$3CFIV042481$4070$0151794 702 1$aTassoni$b, Luigi$f <1957- >$3CFIV001703 790 0$aTicofilo Cimerio$3BA1V001281$zBertola de' Giorgi, Aurelio 790 1$aDe' Giorgi Bertola$b, Aurelio$3CFIV042485$zBertola de' Giorgi, Aurelio 790 1$aBertola$b, Aurelio$3CFIV189406$zBertola de' Giorgi, Aurelio 790 0$aBertola$c $3SBNV015340$zBertola de' Giorgi, Aurelio 801 3$aIT$bIT-01$c19921003 850 $aIT-RM0290 $aIT-FR0017 899 $aBIBLIOTECA ANGELICA$bRM0290 899 $aBiblioteca umanistica Giorgio Aprea$bFR0017 912 $aRAV0200617 950 0$aBiblioteca umanistica Giorgio Aprea$d 52MAG 1 COLL F 28$e 52FLS0000264165 VMB RS $fA $h20181205$i20181205 977 $a 06$a 52 996 $aRime e prose d'amore$9137002 997 $aUNICAS LEADER 00986nam a2200277 i 4500 001 991001578419707536 005 20250507102719.0 008 980617s1991 it 001 0 ita 020 $a8806124072 035 $ab10241176-39ule_inst 035 $aLE01280509$9ExL 040 $aDip.to Lingue$bita$dSocioculturale Scs 041 1 $aita$hrus 100 1 $aBulgakov, Mihail Afanas'evic$0222457 245 12$aI giorni dei Turbin /$cMichail Bulgakov ; a cura di Gianpaolo Gandolfo 260 $aTorino :$bEinaudi,$cc1991 300 $aXXI, 88 p. ;$c18 cm. 490 1 $aCollezione di teatro ;$v337 700 1 $aGandolfo, Giampaolo 830 0$aCollezione di teatro ;$v337 907 $a.b10241176$b17-02-17$c27-06-02 912 $a991001578419707536 945 $aLE012 891.784 2 BUL 4$g1$i2012000001626$lle012$o-$pE0.00$q-$rl$s-$t0$u1$v0$w1$x0$y.i10291210$z27-06-02 996 $aGiorni dei Turbin$94373927 997 $aUNISALENTO 998 $ale012$b01-01-98$cm$da$e-$fita$git$h2$i1